Establishment of Filipino Style Burrito Stall in Binangonan, Rizal (Record no. 68218)

MARC details
000 -LEADER
fixed length control field 00983nam a22002417a 4500
003 - CONTROL NUMBER IDENTIFIER
control field URS
005 - DATE AND TIME OF LATEST TRANSACTION
control field 20230207071832.0
008 - FIXED-LENGTH DATA ELEMENTS--GENERAL INFORMATION
fixed length control field 230207b |||||||| |||| 00| 0 eng d
043 ## - GEOGRAPHIC AREA CODE
Geographic area code URS
100 ## - MAIN ENTRY--PERSONAL NAME
9 (RLIN) 3624
Personal name Lyn Angelica M. Aragoncillo
Relator term Author
245 ## - TITLE STATEMENT
Title <a href="Establishment of Filipino Style Burrito Stall in Binangonan, Rizal">Establishment of Filipino Style Burrito Stall in Binangonan, Rizal</a>
Statement of responsibility, etc Lyn Angelica M. Aragoncillo, John Vincent M. Bautista, Jahmel B. Ilag, Mark Joseph S. Raymundo
260 ## - PUBLICATION, DISTRIBUTION, ETC. (IMPRINT)
Date of publication, distribution, etc 2022
300 ## - PHYSICAL DESCRIPTION
Extent xii, 74 leaves;
Dimensions 28 cm.
336 ## - CONTENT TYPE
Source rdacontext
Content type term text
337 ## - MEDIA TYPE
Source rdamedia
Media type term unmediated
338 ## - CARRIER TYPE
Source rdacarrier
Carrier type term volume
502 ## - DISSERTATION NOTE
Dissertation note Undergraduate Feasibility Study
Degree type Bachelor of Science in Business Administration Major in Financial Management
Name of granting institution University of Rizal System, Binangonan
Year degree granted 2022
700 ## - ADDED ENTRY--PERSONAL NAME
9 (RLIN) 3625
Personal name John Vincent M. Bautista
Relator term Author
700 ## - ADDED ENTRY--PERSONAL NAME
9 (RLIN) 3626
Personal name Jahmel B. Ilag
Relator term Author
700 ## - ADDED ENTRY--PERSONAL NAME
9 (RLIN) 3627
Personal name Mark Joseph S. Raymundo
Relator term Author
700 ## - ADDED ENTRY--PERSONAL NAME
9 (RLIN) 1594
Personal name Abelardo B. CeƱidoza, MAT
Relator term adviser
942 ## - ADDED ENTRY ELEMENTS (KOHA)
Source of classification or shelving scheme Library of Congress Classification
Koha item type Theses and dissertations
Holdings
Withdrawn status Source of classification or shelving scheme Damaged status Not for loan Home library Current library Shelving location Date acquired Total Checkouts Barcode Date last seen Price effective from Koha item type
  Library of Congress Classification     Binangonan College Library Binangonan College Library Undergraduate Theses 02/07/2023   URSBIN-UGT2639 02/07/2023 02/07/2023 Theses and dissertations

University of Rizal System
Email us at univlibservices@urs.edu.ph

Visit our Website www.urs.edu.ph/library